| 000 | 00449nam a2200181Ia 4500 | ||
|---|---|---|---|
| 001 | 13842 | ||
| 005 | 20260306164830.0 | ||
| 008 | 260306t2002||||xx |||||||||||||| ||spa|| | ||
| 041 | _aESP | ||
| 082 |
_a005.369 _bS79 |
||
| 100 |
_aStevens, Perdita _eAUT |
||
| 245 | 0 | _aUtilización de UML en ingenierÃa del software con objetos y componentes | |
| 260 | _c2002 | ||
| 300 |
_a _c |
||
| 650 | _aGEN | ||
| 654 | _aCCC | ||
| 942 |
_cLIB _dJUS _fJUS _2ddc _n |
||
| 999 |
_c13842 _d13842 |
||